Loading...
| Literature - World/Other | 0 | 6 | 0 | 0 | 60 | 52 | 78.83 | 2 | 5 | 0.00 | 0.00 |
| History - American | 0 | 5 | 0 | 0 | 50 | 43 | 78.00 | 3 | 4 | 0.00 | 0.00 |
| Fine Arts - Classical Music | 0 | 5 | 2 | 0 | 40 | 44 | 74.40 | 3 | 4 | 0.00 | 0.00 |
| Fine Arts - Visual | 0 | 4 | 0 | 0 | 40 | 82 | 95.25 | 0 | 2 | 0.00 | 0.00 |
| Literature - American | 0 | 4 | 0 | 0 | 40 | 54 | 77.75 | 0 | 4 | 0.00 | 0.00 |
| Literature - British | 0 | 4 | 0 | 1 | 40 | 52 | 83.00 | 2 | 4 | 0.00 | 0.00 |
| Literature - European | 0 | 5 | 2 | 1 | 40 | 58 | 71.60 | 2 | 5 | 0.00 | 0.00 |
| Science - Physics | 0 | 4 | 1 | 0 | 35 | 30 | 64.00 | 3 | 4 | 0.00 | 0.00 |
| Science - Chemistry | 0 | 4 | 1 | 0 | 35 | 30 | 65.00 | 2 | 4 | 0.00 | 0.00 |
| Philosophy | 0 | 3 | 0 | 0 | 30 | 79 | 89.67 | 0 | 2 | 0.00 | 0.00 |
| Geography/Current Events | 0 | 3 | 0 | 0 | 30 | 87 | 91.33 | 0 | 1 | 0.00 | 0.00 |
| History - European | 0 | 3 | 1 | 0 | 25 | 90 | 104.00 | 0 | 1 | 0.00 | 0.00 |
| Religion | 0 | 3 | 1 | 0 | 25 | 73 | 79.00 | 3 | 3 | 0.00 | 0.00 |
| Social Science | 0 | 2 | 0 | 0 | 20 | 67 | 96.50 | 0 | 1 | 0.00 | 0.00 |
| Fine Arts - Other | 0 | 2 | 1 | 0 | 15 | 84 | 85.00 | 1 | 2 | 0.00 | 0.00 |
| Mythology | 0 | 2 | 1 | 0 | 15 | 38 | 47.50 | 1 | 2 | 0.00 | 0.00 |
| Science - Other | 0 | 1 | 0 | 1 | 10 | 99 | 99.00 | 0 | 0 | 0.00 | 0.00 |
| Science - Biology | 0 | 1 | 0 | 0 | 10 | 79 | 79.00 | 1 | 1 | 0.00 | 0.00 |
| History - Other | 0 | 2 | 3 | 0 | 5 | 29 | 42.00 | 1 | 2 | 0.00 | 0.00 |
| History - World | 0 | 1 | 4 | 0 | -10 | 38 | 38.00 | 0 | 1 | 0.00 | 0.00 |